000 01228cab a2200337 4500
001 ABS49175
008 090401t1993 xxu||||| |||| 00| 0 eng d
035 _a(Sirsi) u70257
041 _aeng
100 _aKeeling, R.
245 _aLatest developments in latent defects insurance
260 _c1993
350 _a0
490 _aProperty Management
_v11(3) Summer 1993, 220-225(6)
520 _aConsiders the contractual rights that exist when a defect is found, and discusses the various insurance options available. It then looks in detail at the latest developments in latent defect insurance, including how to arrange it.
650 _aBUILDING DEFECTS
650 _aBUILT ENVIRONMENT-BUILDING CONTRACT FORMS-CONSTRUCTION COLLATERAL WARRANTY FORMS
650 _aPROPERTY-COMMERCIAL PROPERTY
650 _aContracts
_96232
650 _aINHERENT DEFECTS INSURANCE
650 _aINHERENT DEFECTS
650 _aInsurance
_96249
650 _aLATENT DEFECTS INSURANCE
650 _aLATENT DEFECTS
650 _aPROFESSIONAL INDEMNITY INSURANCE
650 _aWARRANTIES
690 _aBUILDING AND CONSTRUCTION-DEFECTS AND FAILURES
690 _aInsurance
_96249
942 _n0
948 _c04/03/1997
999 _c44185
_d44185